Social structure and personality in a city (Record no. 33584)

MARC details
000 -LEADER
fixed length control field 00397nam a2200145Ia 4500
005 - DATE AND TIME OF LATEST TRANSACTION
control field 20240821151603.0
008 - FIXED-LENGTH DATA ELEMENTS--GENERAL INFORMATION
fixed length control field 240821s9999||||xx |||||||||||||| ||und||
082 ## - DEWEY DECIMAL CLASSIFICATION NUMBER
Classification number 301.364 OES
100 ## - MAIN ENTRY--PERSONAL NAME
Personal name Oeser, O.A.
245 #0 - TITLE STATEMENT
Title Social structure and personality in a city
260 ## - PUBLICATION, DISTRIBUTION, ETC.
Place of publication, distribution, etc. London
Name of publisher, distributor, etc. Routledge and Kegan Paul
Date of publication, distribution, etc. 1957
300 ## - PHYSICAL DESCRIPTION
Extent 344p
650 ## - SUBJECT ADDED ENTRY--TOPICAL TERM
Topical term or geographic name entry element ECOLOGY, DEMOGRAPHY AND COMMUNITY
942 ## - ADDED ENTRY ELEMENTS (KOHA)
Koha item type Book

No items available.